00000000cam 2200000zi 4500
0019.962535
003CaOODSP
00520260504142406
006m     o  d f      
007cr mn|||||||||
008260504t19971997bccb    ob   f000 0 eng d
040 |aCaOODSP|beng|erda|cCaOODSP
0410 |aeng|beng|bfre
043 |an-cn-bc
0861 |aFs97-4/2403E-PDF|zFs97-4/2403E
1001 |aChild, Matthew, |eauthor.
24510|aFisheries projects and related watershed initiatives, and resource opportunities in the Quesnel River watershed / |cby Matthew Child and John Millar.
264 1|aVancouver, B.C. : |bFraser River Action Plan, Department of Fisheries & Oceans, |c1997.
264 4|c©1997
300 |a1 online resource (iv, 39 pages, 3 sheets) : |bmaps.
336 |atext|btxt|2rdacontent
337 |acomputer|bc|2rdamedia
338 |aonline resource|bcr|2rdacarrier
4901 |aCanadian manuscript report of fisheries and aquatic sciences, |y0706-6473 ; |v2403
500 |aDigitized edition from print [produced by Department of Fisheries and Oceans].
504 |aIncludes bibliographical references.
5203 |a"The broad purpose of this study is to compile, synthesise and document information on the Quesnel River watershed as it pertains to fisheries and fish management activities. The information is intended to provide assistance in co-ordinating watershed planning and management efforts in the future. Specific objectives of the study are to review the fisheries information submitted to the Cariboo-Chilcotin Land Use Planning process, review DFO's criteria for ranking watersheds within management categories, and to document the status of current and proposed watershed initiatives. The study is intended for use by local community as well as government agencies involved in watershed management and planning. The information was obtained from existing reports and through personal contacts with knowledgeable individuals in and around the Quesnel River watershed"--Abstract, page iv.
546 |aIncludes abstracts in English and French.
650 0|aPacific salmon|xHabitat|zBritish Columbia.
650 0|aRainbow trout|xHabitat|zBritish Columbia.
650 0|aFishery management|zBritish Columbia.
650 0|aWatershed management|zBritish Columbia.
650 0|aLand use|zBritish Columbia.
650 6|aSaumons du Pacifique|xHabitat|zColombie-Britannique.
650 6|aTruite arc-en-ciel|xHabitat|zColombie-Britannique.
650 6|aPêches|xGestion|zColombie-Britannique.
650 6|aBassins hydrographiques|xGestion|zColombie-Britannique.
650 6|aUtilisation du sol|zColombie-Britannique.
7101 |aCanada. |bDepartment of Fisheries and Oceans, |eissuing body.
7102 |aFraser River Action Plan (Canada), |eissuing body.
830#0|aCanadian manuscript report of fisheries and aquatic sciences ;|v2403.|w(CaOODSP)9.505211
85640|qPDF|s8.97 MB|uhttps://publications.gc.ca/collections/collection_2026/mpo-dfo/fs97-4/Fs97-4-2403-eng.pdf